| 000 | 00704nam a22002057a 4500 | ||
|---|---|---|---|
| 999 |
_c166296 _d166296 |
||
| 005 | 20190718161106.0 | ||
| 010 | _aENG-126003 | ||
| 020 |
_c679.00 _a9789353435868 |
||
| 035 | _aEN-109535 | ||
| 037 | _bDBAD/PUB | ||
| 082 | _a620.001 | ||
| 100 | _aDas, P.Sivaramakrishna | ||
| 245 |
_aEngineering mathematics-1 / _cby P.Sivaramakrishna Das [and] C.Vijayakumari |
||
| 250 | _a4th ed. | ||
| 260 |
_aNoida _bPearson India Education _c2019 |
||
| 270 |
_a15th, Floor, Tower-B, World Trade Tower, Plot No.1, Block-C, Sector 16 _bNoida _e201301 _mdeerghayuinternational@gmail.com |
||
| 300 |
_avarious paging. _c24cm(pbk) |
||
| 700 | _aVijayakumari, C | ||
| 942 |
_2ddc _cEN _h620.001 _mSIV |
||